| 000 | 00539nam a2200145Ia 4500 | ||
|---|---|---|---|
| 008 | 170221s9999 xx 000 0 und d | ||
| 100 | _aRaida Abuizam | ||
| 245 | _aUsing Palisade RISKOptimizer to increase yield-management effectiveness in the hotel industry | ||
| 245 | _cRaida Abuizam, Purdue University Calumet; Dolores Rinke, Purdue University Calumet. | ||
| 260 | _bJournal of Management and Marketing Research | ||
| 260 | _c2014 | ||
| 300 | _a9 : 2 | ||
| 650 | _xBusiness | ||
| 856 | _uhttp://www.aabri.com/manuscripts/131578.pdf | ||
| 999 |
_c313683 _d313683 |
||